Key to The elements of New Testament Greek / (Record no. 7892)
[ view plain ]
| 000 -LEADER | |
|---|---|
| fixed length control field | 00810nam a2200253Ii 4500 |
| 001 - CONTROL NUMBER | |
| control field | 3030887 |
| 003 - CONTROL NUMBER IDENTIFIER | |
| control field | OSt |
| 005 - DATE AND TIME OF LATEST TRANSACTION | |
| control field | 20190319114722.0 |
| 008 - FIXED-LENGTH DATA ELEMENTS--GENERAL INFORMATION | |
| fixed length control field | 770610s1965 enk 00010 eng d |
| 020 ## - INTERNATIONAL STANDARD BOOK NUMBER | |
| International Standard Book Number | 0521067693 |
| 040 ## - CATALOGING SOURCE | |
| Original cataloging agency | LDL |
| Transcribing agency | LDL |
| Modifying agency | m.c. |
| -- | CIN |
| 041 0# - LANGUAGE CODE | |
| Language code of text/sound track or separate title | enggrc |
| 082 ## - DEWEY DECIMAL CLASSIFICATION NUMBER | |
| Classification number | 487.4 |
| Item number | W474e |
| 100 10 - MAIN ENTRY--PERSONAL NAME | |
| Personal name | Wenham, John William |
| 245 10 - TITLE STATEMENT | |
| Title | Key to The elements of New Testament Greek / |
| Statement of responsibility, etc. | J. W. Wenham |
| 260 0# - PUBLICATION, DISTRIBUTION, ETC. | |
| Place of publication, distribution, etc. | Cambridge, Eng. : |
| Name of publisher, distributor, etc. | Cambridge University Press, |
| Date of publication, distribution, etc. | 1965 |
| 300 ## - PHYSICAL DESCRIPTION | |
| Extent | 49 p. ; |
| Dimensions | 22 cm |
| 500 ## - GENERAL NOTE | |
| General note | Constitutes key to Wenham's The elements of New Testament Greek |
| 500 ## - GENERAL NOTE | |
| General note | ISBN 0-521-06769-3 |
| 650 #0 - SUBJECT ADDED ENTRY--TOPICAL TERM | |
| Topical term or geographic name entry element | Greek language, Biblical |
| General subdivision | Grammar |
| 700 12 - ADDED ENTRY--PERSONAL NAME | |
| Personal name | Wenham, John William. |
| Title of a work | Elements of New Testament Greek |
| 740 41 - ADDED ENTRY--UNCONTROLLED RELATED/ANALYTICAL TITLE | |
| Uncontrolled related/analytical title | The elements of New Testament Greek |
| 942 ## - ADDED ENTRY ELEMENTS (KOHA) | |
| Source of classification or shelving scheme | Dewey Decimal Classification |
| Koha item type | Books |
| Withdrawn status | Lost status | Source of classification or shelving scheme | Damaged status | Not for loan | Collection code | Home library | Current library | Shelving location | Date acquired | Cost, normal purchase price | Total Checkouts | Full call number | Barcode | Date last seen | Price effective from | Koha item type |
|---|---|---|---|---|---|---|---|---|---|---|---|---|---|---|---|---|
| Dewey Decimal Classification | Non-fiction | Harvest Mission College | Harvest Mission College | General Stacks | 19.03.2019 | 500.00 | 487.4 W474e | 008927 | 19.03.2019 | 19.03.2019 | Books |
